Encyclopedia of the history of Arabic science / (Record no. 8065)

MARC details
000 -LEADER
fixed length control field 01457nac a22003611i 4500
003 - CONTROL NUMBER IDENTIFIER
control field EG-ScBUE
005 - DATE AND TIME OF LATEST TRANSACTION
control field 20240924110832.0
008 - FIXED-LENGTH DATA ELEMENTS--GENERAL INFORMATION
fixed length control field 101011s1996 enkabh f b 001 0 eng d
020 ## - INTERNATIONAL STANDARD BOOK NUMBER
International Standard Book Number 0415020638 (set)
020 ## - INTERNATIONAL STANDARD BOOK NUMBER
International Standard Book Number 0415124107 (v.1)
020 ## - INTERNATIONAL STANDARD BOOK NUMBER
International Standard Book Number 9780415124102 (v.1)
020 ## - INTERNATIONAL STANDARD BOOK NUMBER
International Standard Book Number 0415124115 (v.2)
020 ## - INTERNATIONAL STANDARD BOOK NUMBER
International Standard Book Number 9780415124119 (v.2)
020 ## - INTERNATIONAL STANDARD BOOK NUMBER
International Standard Book Number 0415124123 (v.3)
020 ## - INTERNATIONAL STANDARD BOOK NUMBER
International Standard Book Number 9780415124126 (v.3)
035 ## - SYSTEM CONTROL NUMBER
System control number (OCoLC)ocm34731151
040 ## - CATALOGING SOURCE
Original cataloging agency EG-ScBUE
Language of cataloging eng
Description conventions rda
Transcribing agency EG-ScBUE
Modifying agency EG-ScBUE
082 04 - DEWEY DECIMAL CLASSIFICATION NUMBER
Classification number 509.174927
Item number ENC
Edition number 22
245 00 - TITLE STATEMENT
Title Encyclopedia of the history of Arabic science /
Statement of responsibility, etc edited by Roshdi Rashed, in collaboration with Regis Morelon.
264 #1 - PUBLICATION, DISTRIBUTION, ETC. (IMPRINT)
Place of publication, distribution, etc London ;
-- New York :
Name of publisher, distributor, etc Routledge,
Date of publication, distribution, etc 1996.
300 ## - PHYSICAL DESCRIPTION
Extent 3 volumes :
Other physical details illustrations, maps, facsimils ;
Dimensions 24 cm
336 ## - CONTENT TYPE
Source rdacontent
Content type term text
Content type code txt
337 ## - MEDIA TYPE
Media type term unmediated
Source rdamedia
Media type code n
338 ## - CARRIER TYPE
Carrier type term volume
Carrier type code nc
Source rdacarrier
504 ## - BIBLIOGRAPHY, ETC. NOTE
Bibliography, etc Includes bibliographical references and index.<br/>
505 0# - FORMATTED CONTENTS NOTE
Formatted contents note Volume 1. Astronomy, theoretical and applied -- Volume 2. Mathematics and the physical sciences -- Volume 3. Technology, alchemy, and life sciences.
650 #7 - SUBJECT ADDED ENTRY--TOPICAL TERM
Topical term or geographic name as entry element Science
Geographic subdivision Arab countries
General subdivision History
Form subdivision Encyclopedias.
Source of heading or term BUEsh
9 (RLIN) 20298
655 ## - INDEX TERM--GENRE/FORM
Form subdivision Reading book
700 1# - ADDED ENTRY--PERSONAL NAME
Personal name Rashed, Roshdi,
Relator term editor.
9 (RLIN) 20295
700 1# - ADDED ENTRY--PERSONAL NAME
Personal name Morelon, Regis,
Relator term editor.
9 (RLIN) 20296
856 42 - ELECTRONIC LOCATION AND ACCESS
Materials specified Publisher description
Uniform Resource Identifier <a href="http://www.loc.gov/catdir/enhancements/fy0648/00362029-d.html">http://www.loc.gov/catdir/enhancements/fy0648/00362029-d.html</a>
942 ## - ADDED ENTRY ELEMENTS (KOHA)
Koha item type Reference (NB)
Source of classification or shelving scheme Dewey Decimal Classification
Holdings
Withdrawn status Lost status Source of classification or shelving scheme Damaged status Not for loan Collection code Home library Current library Shelving location Date acquired Source of acquisition Total Checkouts Full call number Barcode Date last seen Price effective from Koha item type Public note
    Dewey Decimal Classification     Alahram Central Library Central Library Ground Floor 11/10/2010 Purchase   509.174927 ENC 000010024 15/07/2025 20/02/2008 Reference (NB) Vol. 1
    Dewey Decimal Classification     Alahram Central Library Central Library Ground Floor 11/10/2010 Purchase   509.174927 ENC 000009404 15/07/2025 11/10/2010 Reference (NB) Vol.3
    Dewey Decimal Classification     Alahram Central Library Central Library Ground Floor 11/10/2010 Purchase   509.174927 ENC 000010023 15/07/2025 11/10/2010 Reference (NB) Vol.2